[Event "SVK-chT 2324"]
[Site "Slovakia"]
[Date "2024.05.03"]
[Round "9.4"]
[White "Roubalik, Jakub"]
[Black "Zylka, Stanislaw"]
[Result "1/2-1/2"]
[WhiteElo "2351"]
[BlackElo "2411"]
[PlyCount "127"]
[EventDate "2023.11.04"]
[EventType "team-tourn"]
[EventRounds "11"]
[EventCountry "SVK"]
[SourceTitle "CB19_2024"]
[SourceDate "2024.05.08"]
[SourceVersion "1"]
[SourceVersionDate "2024.05.08"]
[SourceQuality "1"]
[WhiteTeam "Dubnica nad Vahom"]
[BlackTeam "Cadca Caissa"]
[WhiteTeamCountry "SVK"]
[BlackTeamCountry "SVK"]

1. d4 Nf6 2. c4 g6 3. Nc3 Bg7 4. e4 d6 5. Nf3 0-0 6. Be2 Nbd7 7. h3 e5 8. d5 Nc5 9. Qc2 a5 10. Be3 Qe7 11. Nd2 Ne8 12. g4 f5 13. gxf5 gxf5 14. 0-0-0 f4 15. Bxc5 dxc5 16. Nf3 Nd6 17. Rdg1 Kh8 18. h4 Bd7 19. Qd1 Bh6 20. Kb1 a4 21. a3 Ra6 22. Ka2 Rb6 23. Bd3 Ra6 24. Be2 Raa8 25. Qc2 b6 26. Rh2 Rg8 27. Rhg2 Rxg2 28. Rxg2 Bg7 29. Qd1 Bf6 30. h5 Qf7 31. Nd2 Rg8 32. Qg1 Rxg2 33. Qxg2 Qg7 34. Qh1 Qg5 35. Nf3 Qh6 36. Nd2 Kg7 37. Qh2 Kf8 38. Qh1 Ke7 39. Qh2 Qg5 40. Nf3 Qg8 41. Nd2 Qg5 42. Nf3 Qg7 43. Nd2 Bg4 44. Bxg4 Qxg4 45. Qh1 Kf8 46. f3 Qh4 47. Qd1 Qxh5 48. Nb5 Ne8 49. Qxa4 Qf7 50. Qd1 h5 51. Qh1 Kg7 52. Qh3 Kh6 53. Qc8 Bh4 54. Nf1 Bg3 55. Kb3 h4 56. Ka2 Qh5 57. Nxc7 Nxc7 58. Qxc7 Qxf3 59. Qd6+ Kh7 60. Qe7+ Kg6 61. Qe6+ Kh7 62. Qf7+ Kh6 63. Qf6+ Kh7 64. Qf7+ 1/2-1/2

[Event "Bucharest Grand Prix"]
[Site "Bucharest"]
[Date "2023.04.29"]
[Round "4"]
[White "Roubalik, Jakub"]
[Black "Andronescu, Madalin"]
[Result "1-0"]
[WhiteElo "2390"]
[BlackElo "2003"]
[PlyCount "77"]
[EventDate "2023.04.29"]
[EventType "swiss (rapid)"]
[EventRounds "10"]
[EventCountry "ROU"]
[SourceTitle "CBM 213 Extra"]
[Source "ChessBase"]
[SourceDate "2023.05.31"]
[SourceVersion "1"]
[SourceVersionDate "2023.05.31"]
[SourceQuality "1"]

1. d4 Nf6 2. c4 g6 3. Nc3 Bg7 4. e4 d6 5. Nge2 0-0 6. Ng3 c5 7. d5 e6 8. Be2 exd5 9. cxd5 Re8 10. 0-0 Nbd7 11. Be3 h5 12. f3 Ne5 13. h3 Nh7 14. Qd2 h4 15. Nh1 g5 16. f4 gxf4 17. Bxf4 Ng6 18. Be3 f5 19. Bh5 f4 20. Bxg6 fxe3 21. Qe2 Re5 22. Qxe3 Rg5 23. Bxh7+ Kxh7 24. Ne2 Qe7 25. Qf3 Bd7 26. Nf2 Rg8 27. Kh1 Be5 28. Nd3 Be8 29. Nxe5 Rxe5 30. Nc3 Reg5 31. Rf2 Qe5 32. Qf4 Rh5 33. Raf1 Bg6 34. Qxe5 Rxe5 35. Rf4 Rh5 36. Rf6 Re8 37. R1f4 Rd8 38. Re6 Rd7 39. Rff6 1-0

[Event "SVK-chT 2223"]
[Site "Slovakia"]
[Date "2023.02.25"]
[Round "7.1"]
[White "Roubalik, Jakub"]
[Black "Varga, Zoltan"]
[Result "1-0"]
[WhiteElo "2372"]
[BlackElo "2401"]
[PlyCount "57"]
[EventDate "2022.10.22"]
[EventType "team-tourn"]
[EventRounds "11"]
[EventCountry "SVK"]
[SourceTitle "EXT 2024"]
[Source "ChessBase"]
[SourceDate "2023.10.10"]
[SourceVersion "1"]
[SourceVersionDate "2023.10.10"]
[SourceQuality "1"]
[WhiteTeam "Dubnica nad Vahom"]
[BlackTeam "Dunajska Streda"]
[WhiteTeamCountry "SVK"]
[BlackTeamCountry "SVK"]

1. d4 d5 2. c4 c6 3. Nc3 dxc4 4. e4 b5 5. a4 b4 6. Na2 Nf6 7. e5 Nd5 8. Bxc4 e6 9. Nf3 Be7 10. 0-0 a5 11. Bd2 Ba6 12. b3 Nb6 13. Bxa6 Nxa6 14. Qe2 Qd5 15. Nc1 h6 16. Rb1 c5 17. Qb5+ Nd7 18. Ne2 Nc7 19. Qd3 0-0 20. Nf4 Qb7 21. Nh5 Rfd8 22. Rfe1 Bf8 23. Nh4 Nxe5 24. Qg3 Rxd4 25. Bxh6 Ng6 26. Nxg6 fxg6 27. Qxg6 Nd5 28. Be3 Nxe3 29. Nf6+ 1-0

[Event "CZE-chT1E 2223"]
[Site "Czech Republic"]
[Date "2023.01.29"]
[Round "7.2"]
[White "Roubalik, Jakub"]
[Black "Bures, Jaroslav"]
[Result "1/2-1/2"]
[WhiteElo "2372"]
[BlackElo "2419"]
[PlyCount "94"]
[EventDate "2022.10.08"]
[EventType "team-tourn"]
[EventRounds "11"]
[EventCountry "CZE"]
[SourceTitle "CBM 213 Extra"]
[Source "ChessBase"]
[SourceDate "2023.05.31"]
[SourceVersion "1"]
[SourceVersionDate "2023.05.31"]
[SourceQuality "1"]
[WhiteTeam "Brno Moravska Slavia II"]
[BlackTeam "Jundrov Jezdci"]
[WhiteTeamCountry "CZE"]
[BlackTeamCountry "CZE"]

1. c4 b6 2. d4 Bb7 3. Nc3 f5 4. Nf3 Nf6 5. Qc2 e6 6. Bg5 Be7 7. e3 Ne4 8. Bxe7 Qxe7 9. Be2 0-0 10. 0-0 d6 11. Rfd1 Nd7 12. Rac1 Nxc3 13. Qxc3 a5 14. b3 f4 15. Re1 c5 16. Bd1 Rae8 17. a3 e5 18. dxe5 Nxe5 19. exf4 Rxf4 20. Nxe5 dxe5 21. Re3 Qf6 22. Bf3 Bxf3 23. Rxf3 Rxf3 24. Qxf3 Qxf3 25. gxf3 Rd8 26. Re1 Rd3 27. Re3 Rd1+ 28. Kg2 Rb1 29. h3 Kf7 30. Kg3 Rg1+ 31. Kh2 Ra1 32. a4 Kf6 33. Kg2 Rd1 34. Kh2 Kf5 35. Kg2 Rd6 36. Kf1 Kf4 37. Kg2 Rd1 38. Re4+ Kf5 39. Re3 h5 40. Kh2 g5 41. Kg2 Rd4 42. Kf1 Kf4 43. Kg2 Rd7 44. Re4+ Kf5 45. Re3 Rd8 46. Kf1 Rd4 47. Kg2 h4 1/2-1/2

[Event "CZE-chT1E 2223"]
[Site "Czech Republic"]
[Date "2022.11.27"]
[Round "4.4"]
[White "Roubalik, Jakub"]
[Black "Sosna, Jan"]
[Result "1-0"]
[WhiteElo "2372"]
[BlackElo "2319"]
[PlyCount "61"]
[EventDate "2022.10.08"]
[EventType "team-tourn"]
[EventRounds "11"]
[EventCountry "CZE"]
[SourceTitle "CBM 213 Extra"]
[Source "ChessBase"]
[SourceDate "2023.05.31"]
[SourceVersion "1"]
[SourceVersionDate "2023.05.31"]
[SourceQuality "1"]
[WhiteTeam "Brno Moravska Slavia II"]
[BlackTeam "Vlcnov"]
[WhiteTeamCountry "CZE"]
[BlackTeamCountry "CZE"]

1. d4 d5 2. c4 e6 3. Nc3 c6 4. e4 dxe4 5. Nxe4 Bb4+ 6. Bd2 Qxd4 7. Bxb4 Qxe4+ 8. Be2 Na6 9. Ba5 Bd7 10. Qd6 Nf6 11. Nf3 Qf5 12. Ne5 Qxf2+ 13. Kxf2 Ne4+ 14. Kf3 Nxd6 15. Rhd1 f6 16. Rxd6 fxe5 17. Ke3 Rf8 18. Rad1 Rf7 19. Bg4 Re7 20. h4 Rc8 21. Bc3 c5 22. Bxe5 Nb4 23. Bh5+ g6 24. Bg4 Nxa2 25. h5 Nb4 26. hxg6 hxg6 27. Rh1 Rf7 28. Rd2 Nc6 29. Bd6 Rg7 30. Rh8+ Kf7 31. Rf2# 1-0

[Event "Lisbon Portugal rapid op"]
[Site "Lisbon"]
[Date "2022.09.04"]
[Round "10"]
[White "Umetsubo, Cesar Hidemitsu"]
[Black "Roubalik, Jakub"]
[Result "1-0"]
[WhiteElo "2366"]
[BlackElo "2366"]
[PlyCount "87"]
[EventDate "2022.09.03"]
[EventType "swiss (rapid)"]
[EventRounds "11"]
[EventCountry "POR"]
[SourceTitle "CBM 210 Extra"]
[Source "ChessBase"]
[SourceDate "2022.11.30"]
[SourceVersion "1"]
[SourceVersionDate "2022.11.30"]
[SourceQuality "1"]

1. d4 Nf6 2. Bf4 e6 3. e3 d6 4. Nf3 h6 5. h3 Nbd7 6. c4 b6 7. Nc3 Bb7 8. Qc2 a6 9. Rd1 d5 10. cxd5 exd5 11. Be2 Be7 12. 0-0 0-0 13. Rc1 c5 14. dxc5 bxc5 15. Rfd1 Qa5 16. Ne5 Rfd8 17. Bf3 Nf8 18. Nc4 dxc4 19. Bxb7 Rxd1+ 20. Rxd1 Rd8 21. Rxd8 Bxd8 22. a3 Ne6 23. Bg3 Qb6 24. Bf3 Bc7 25. Bxc7 Qxc7 26. Be2 Qe5 27. Bxc4 Nc7 28. Qd2 Qe7 29. Qd3 a5 30. e4 Nd7 31. f4 Nb6 32. Bb3 c4 33. Qd4 cxb3 34. Qxb6 Ne6 35. Qxb3 Qc5+ 36. Kh2 Qe3 37. Qb8+ Kh7 38. f5 Nd4 39. Qg3 Qd2 40. b4 axb4 41. axb4 Nc2 42. f6 g6 43. Nd5 Ne1 44. b5 1-0

[Event "Lisbon Portugal rapid op"]
[Site "Lisbon"]
[Date "2022.09.03"]
[Round "5"]
[White "Roubalik, Jakub"]
[Black "Bastiao, Tomas"]
[Result "1-0"]
[WhiteElo "2366"]
[BlackElo "1762"]
[PlyCount "51"]
[EventDate "2022.09.03"]
[EventType "swiss (rapid)"]
[EventRounds "11"]
[EventCountry "POR"]
[SourceTitle "CBM 210 Extra"]
[Source "ChessBase"]
[SourceDate "2022.11.30"]
[SourceVersion "1"]
[SourceVersionDate "2022.11.30"]
[SourceQuality "1"]

1. d4 Nf6 2. c4 e6 3. Nf3 b6 4. a3 Bb7 5. Nc3 d5 6. cxd5 Nxd5 7. e3 Be7 8. Bb5+ c6 9. Bd3 0-0 10. Qc2 h6 11. Qe2 Nd7 12. 0-0 Rc8 13. e4 Nxc3 14. bxc3 c5 15. Bb2 c4 16. Bc2 Qc7 17. e5 b5 18. Rad1 Bxf3 19. Qxf3 f5 20. exf6 Rxf6 21. Qe4 g6 22. Bc1 Kg7 23. Rfe1 Bd6 24. Qh4 g5 25. Qh3 e5 26. dxe5 1-0

[Event "Prague Summer op 9th"]
[Site "Prague"]
[Date "2022.08.11"]
[Round "8"]
[White "Roubalik, Jakub"]
[Black "Lalic, Bogdan"]
[Result "1/2-1/2"]
[WhiteElo "2367"]
[BlackElo "2415"]
[PlyCount "28"]
[EventDate "2022.08.05"]
[EventType "swiss"]
[EventRounds "9"]
[EventCountry "CZE"]
[SourceTitle "CBM 209 Extra"]
[Source "ChessBase"]
[SourceDate "2022.09.30"]
[SourceVersion "1"]
[SourceVersionDate "2022.09.30"]
[SourceQuality "1"]

1. d4 Nf6 2. Bg5 c5 3. d5 Ne4 4. Bf4 Qb6 5. Nd2 Qxb2 6. Nxe4 Qb4+ 7. c3 Qxe4 8. e3 g5 9. Bg3 Bg7 10. Rc1 d6 11. Nf3 Qg6 12. Bd3 f5 13. h4 h6 14. Qc2 0-0 1/2-1/2